000
00255nam a22001097a 4500
082
_a
600
100
_a
Newwbauer,Heidi
_9
83406
245
_a
Netflix Creative Companies
260
_a
Delhi
_b
Jaico Publication House
_c
2025
650
_a
Tech.
942
_c
BK
999
_c
68302
_d
68302